Quizzes
Events
Quiz Creation
Community
Videos
Private Events
Remove Ads
Sign In
Join for FREE
Feedback
Dark Mode
Quiz Categories
Sports
Geography
Music
Movies
Television
Just For Fun
Miscellaneous
History
Literature
Language
Science
Gaming
Entertainment
Religion
Holiday
For Kids
Quiz Lab
Recent
Popular Today
Quiz Kudos Today
Editor Picks
Curator Picks
Quizzes by...
Day
Popularity
Type
Ratings
Length
Year
Community
Subscriptions
Recent Discussions
Orange Saloon
Badges
Playlists
Quests
Create
Leaderboards
Showdown
Live 5
Trivia Bingo
Activity
Puzzle Library
Sporcle Events
Private Events
Virtual Trivia
Globe League
Become a Host
Pub Owners
SporcleCon
Opinionation
Our Games
Videos
Blog
Mobile Apps
Partnerships
Remove Ads and Go Orange
Feedback
Movies
Disney
Marvel Cinematic Universe
Movie Resume
Movie Titles
Oscar
Actor
Actress
Director
Pixar
Role
Movie Quotes
Movie Characters
Box Office
Nominee
Best Picture
Star Wars
James Bond
Horror Movies
Movies
Disney
Marvel Cinematic Universe
Movie Resume
Movie Titles
Oscar
Actor
Actress
Director
Pixar
Role
Movie Quotes
Movie Characters
Box Office
Nominee
Best Picture
Star Wars
James Bond
Horror Movies
Random Quiz
Search Sporcle
×
Quiz Lab
Quiz Lab
Movies
Actor
Type in answers that appear in a list
Type in answers that appear in a list
Classic
Best Score? Go Orange.
130 actors from Ridley Scott films Stats
Can you name the 130 actors from Ridley Scott films?
By
mvaler317
20m
130 Questions
58 Plays
58 Plays
58 Plays
Comments
Comments
Give Quiz Kudos
Give Quiz Kudos
-
- Ratings
hide this ad
Replay
Link that replays current quiz
Next Quiz
Link to next quiz in quiz playlist
You Got
0%
They Got
Avg Score
40%
Avg Friend Score
Upgrade to see
Score Distribution
Jump to the score distribution portion of the page
Score
0/130
Timer
20:00
0
Plays Today
Actors
% Correct
Russell Crowe
93.1%
Sigourney Weaver
91.4%
Matt Damon
87.9%
Harrison Ford
86.2%
Joaquin Phoenix
84.5%
Brad Pitt
81%
Julianne Moore
79.3%
Geena Davis
79.3%
Demi Moore
74.1%
Sean Harris
74.1%
Richard Harris
74.1%
T. I.
74.1%
Jessica Chastain
72.4%
Michael Fassbender
70.7%
Mackenzie Davis
70.7%
Charlize Theron
69%
Tom Cruise
69%
John Hurt
69%
Susan Sarandon
67.2%
Leonardo DiCaprio
67.2%
Denzel Washington
67.2%
Penélope Cruz
65.5%
William Hurt
63.8%
Christian Bale
63.8%
Anthony Hopkins
63.8%
Eva Green
63.8%
Harvey Keitel
62.1%
Kristen Wiig
62.1%
Orlando Bloom
60.3%
Ian Holm
60.3%
Liam Neeson
58.6%
Logan Marshall-Green
58.6%
Michael Douglas
56.9%
Cameron Diaz
56.9%
Jeff Daniels
56.9%
Chiwetel Ejiofor
56.9%
Michelle Williams
55.2%
Nicolas Cage
55.2%
Noomi Rapace
55.2%
Mark Wahlberg
53.4%
Edward Norton
53.4%
Cate Blanchett
53.4%
Idris Elba
53.4%
Ewan McGregor
53.4%
Actors
% Correct
Djimon Hounsou
51.7%
Javier Bardem
51.7%
Christopher Plummer
50%
Sebastian Stan
50%
Ben Kingsley
48.3%
Sean Bean
48.3%
Viggo Mortensen
48.3%
Sam Rockwell
48.3%
Guy Pearce
46.6%
Gary Oldman
46.6%
Kate Mara
46.6%
Donald Glover
46.6%
Marion Cotillard
44.8%
Joel Edgerton
44.8%
Josh Hartnett
44.8%
Benedict Wong
44.8%
Danny McBride
44.8%
Jeff Bridges
43.1%
Jeremy Irons
43.1%
Tom Hardy
43.1%
Tim Curry
43.1%
Connie Nielsen
43.1%
Ray Liotta
43.1%
Eric Bana
43.1%
Mark Strong
43.1%
Edward James Olmos
39.7%
Michael Peña
39.7%
Katherine Waterston
39.7%
Josh Brolin
37.9%
Andy Garcia
37.9%
Daryl Hannah
37.9%
Oscar Isaac
37.9%
Michael Madsen
36.2%
Albert Finney
34.5%
Michael Sheen
34.5%
Brendan Gleeson
34.5%
Max von Sydow
34.5%
Gérard Depardieu
31%
Aaron Paul
31%
Billy Crudup
29.3%
John Turturro
29.3%
Patrick Wilson
27.6%
Ben Mendelsohn
27.6%
Sam Shepard
25.9%
Actors
% Correct
Cuba Gooding Jr.
25.9%
Demián Bichir
24.1%
Ted Levine
24.1%
David Thewlis
22.4%
John Hawkes
22.4%
William Fichtner
22.4%
Tom Berenger
22.4%
Rosie Perez
20.7%
Jason Isaacs
20.7%
Rafe Spall
20.7%
Common
20.7%
Carmen Ejogo
20.7%
Danny Huston
15.5%
Mimi Rogers
15.5%
Jeremy Piven
15.5%
John Ortiz
13.8%
Tom Hollander
13.8%
Carla Gugino
12.1%
Freddie Highmore
12.1%
Kate Dickie
12.1%
Léa Seydoux
12.1%
Mark Addy
12.1%
Abbie Cornish
12.1%
Luke Evans
10.3%
Marton Csokas
10.3%
Edgar Ramírez
8.6%
Nikolaj Coster-Waldau
8.6%
Ty Burrell
8.6%
Eileen Atkins
8.6%
Kevin Durand
8.6%
Frank Langella
6.9%
Ryan Phillippe
6.9%
Kevin Dunn
6.9%
Bruno Ganz
6.9%
Hugh Dancy
6.9%
Ioan Gruffudd
6.9%
Luis Guzmán
5.2%
Mark Margolis
5.2%
Michael Stuhlbarg
5.2%
Stephen Root
3.4%
Simon McBurney
3.4%
Kelly Macdonald
3.4%
Quiz Playlist
Details
Report
Send in Message
Add To Playlist
Classic:
Type in answers that appear in a list
Last Updated: Oct 4, 2019
Quiz Scoreboard
CHALLENGE
Sign Up to Join the Scoreboard
Show All
Scores
Hide
Comments
May contain spoilers
Recently Published
9x9 Crossword: Cartoon Network
by jackfrog10
Miscellaneous
3m
College Basketball Coaching Resumes
by pancakes188
Sports
9m
Billboard Blitz: Fleetwood Mac
by CooCooCachoo
Music
15s
More to Explore
Quiz From the Vault
Featured Blog Post
Where Did the Easter Bunny Come From?
hide this ad
You Might Also Like...
Tags
Actor Quiz
130
Ridley
Ridley Scott
scott
Today's Top Quizzes in Movies
Browse Movies
hide this ad
Today's Top Quizzes in Actor
Browse Actor
Top Contributed Quizzes in Movies
1
Pick 5 Posters: Directed by Spielberg
2
7-to-1: Pixar Characters
3
Pick 5 Posters: Lowest-Rated Spielberg
4
Sorting Actors
5
Sorting Actresses
6
Pick 5 Posters: Directed by Scorsese
7
Hidden Star Wars Character II
8
Pick 5 Posters: Star & Director
9
Hidden Star Wars Character III
10
12 Movies about Fictional 1960s Events
Explore More
Trending Topics
NBA
Disney
Harry Potter
Kpop
Marvel
Crossword
Anime
Country
Puzzle
Song
Soccer
Pokémon
The Office
NFL
WWE
hide this ad
More By:
mvaler317
Quiz
Plays
Rating
Category
Featured
Created
200 actors
2,236
2.00
Movies
Jun 3, 2018
300 actresses
2,094
1.67
Movies
Jun 4, 2018
40 actors from Wes Anderson films
910
3.00
Movies
Sep 27, 2019
100 actors from Martin Scorsese films
295
2.25
Movies
Oct 9, 2019
Avengers: Infinity War Characters
275
2.67
Movies
May 1, 2018
Go to Creator's Profile
Score Distribution
Quiz Creator Spotlight
mvaler317
Follow
Send a Message
Quizzes Created
-
Created Quiz Play Count
-
More By This Creator
Popular Quizzes Today
1
Find the US States - No Outlines Minefield
2
Find the Countries of Europe - No Outlines Minefield
3
The Countries of the World
4
Find the US States
5
Risky Map Clicking: Biggest States A-Z
6
US States
7
Popular People in 1961
8
Movies - When Are They Set?
More Movies Quizzes
Highest-Grossing Film by Language
Editor's Pick
Trending Quizzes
Risky Map Clicking: Least Populous States A-Z
1-10 Letter G Words
1-10 Letter F Words
Risky Map Clicking: Next State Alphabetically
Adjectives in 80s TV Shows
Recently Updated
Leaping Animals
pecheneg
Reality TV Shows (A-Z)
bhenderson79
Rickey Henderson's Hall of Fame Teammates
pecheneg
Champions League XIs: Arsenal
pecheneg
Quick Pick: Celebrities in WWE's Hall of Fame
aduchscher
A-Z Keypad Blitz II
pecheneg
Multiple Oscar Actors
pecheneg
Mystery Phrase Blitz: Oscar 'Best Actors'
pecheneg
F. Scott Fitzgerald Novels
LTH
Pick 3 Villains
ddd62291
Trending Topics
NBA
Marvel
Harry Potter
Disney
Kpop
Crossword
Anime
WWE
Pokémon
NFL
Song
The Office
Puzzle
Soccer
Country
Your Account Isn't Verified!
In order to create a playlist on Sporcle, you need to verify the email address you used during registration. Go to your
Sporcle Settings
to finish the process.
Report this User
Report this user for behavior that violates our
Community Guidelines
.
Details:
Send Report
Go to the Sporcle.com Mobile Site →
Comments